| 000 | 00502nam a2200181 4500 | ||
|---|---|---|---|
| 003 | CO-ViMGA | ||
| 008 | 151204b xxu||||| |||| 00| 0 eng d | ||
| 020 | _a8426351239 | ||
| 040 |
_aCO-ViMGA _bspa _cCO-ViMGA |
||
| 090 |
_aA _bSLEn |
||
| 100 | 1 |
_aSlegers, Liesbet _91273 |
|
| 245 | 1 | 0 | _aNacho En La Ducha |
| 260 |
_aMadrid _bEditorial Luis Vives _c2003 |
||
| 300 |
_a(24) pag _bil. |
||
| 490 | _aLibros Especiales Para Los Mas Pequeños | ||
| 650 | 1 | 4 |
_acuentos infantiles belgas _9234 |
| 942 |
_2ddc _cBK |
||
| 999 |
_c12241 _d12241 |
||